Statistics for County Seats of New Jersey

Click here to take the quiz!

General Stats

  • This quiz has been taken 171 times
  • The average score is 11 of 21

Answer Stats

CountyCounty Seat% Correct
EssexNewark
92%
CamdenCamden
82%
MercerTrenton
78%
HudsonJersey City
76%
Cape MayCape May Court House
75%
UnionElizabeth
72%
PassaicPaterson
71%
MorrisMorristown
70%
SalemSalem
66%
OceanToms River
64%
MiddlesexNew Brunswick
59%
MonmouthFreehold
43%
BergenHackensack
42%
HunterdonFlemington
40%
SussexNewton
40%
SomersetSomerville
37%
WarrenBelvidere
31%
CumberlandBridgeton
30%
BurlingtonMount Holly
30%
AtlanticMays Landing
27%
GloucesterWoodbury
22%

Score Distribution

Percentile by Number Answered

Percent of People with Each Score

Your Score History

You have not taken this quiz